00427nam a22001217a 4500003000400000005001700004008004100021040002700062100005500089245008000144260007300224300000800297OSt20240403095614.0240403b |||||||| |||| 00| 0 eng d cCentral library MRSPTU aDr. Sudesh Kumar Memorial Library Chanarthal Kalan aKalam Chanarthal Di : Literary Dabra) (ਕਲਮ ਚਨਾਰਥਲ ਦੀ) aChandigarhbDr. Sudesh Kumar Memorial Library Chanarthal Kalanc2023 a132